| 000 | 00548nam a2200169 a 4500 | ||
|---|---|---|---|
| 001 | 1888 | ||
| 005 | 20140414131924.0 | ||
| 008 | 020412s19uu xx 00 eng d | ||
| 020 | _a0-934323-01-1 | ||
| 050 |
_aER _bT22 1985 |
||
| 245 |
_aTeddy Ruxpin lullabies : _bwarm and cuddly songs to dream by / _cillustrations by David High, Rennie Raul. |
||
| 260 |
_aNorthridge, CA : _bWorlds of Wonder, _c1985. |
||
| 300 | _a1 v. (unp.) : ill. ; cm. | ||
| 440 | _aTeddy Ruxpin Adventures | ||
| 650 |
_aLullabies _xJuvenile literature. |
||
| 999 |
_c111918 _d111918 |
||